| 000 | 00909cam a22002411i 4500 | ||
|---|---|---|---|
| 003 | SA-RiAUC | ||
| 005 | 20250120134359.0 | ||
| 008 | 250119s1999 ua f 00010 ara c | ||
| 040 |
_aSA-JeALM _bara _cSA-RiAUC _erda |
||
| 043 | _aa-ye--- | ||
| 082 | 0 | 4 | _a349.532 |
| 090 |
_a349.532 _b ع ل ي |
||
| 100 | 1 |
_aالعليمي، رشاد محمد، _d1954- _eمؤلف. |
|
| 245 | 1 | 2 |
_aالتقليدية والحداثة في النظام القانوني اليمني : _bدراسة مقارنة _cرشاد محمد العليمي. |
| 264 | 1 |
_aالقاهرة : _bمطابع الشروق، _cبين [1900 و 1999] |
|
| 300 |
_a280 صفحة _c24 سم |
||
| 336 |
_aنص _btxt _2rdacontent _3كتاب |
||
| 337 |
_aبدون وسيط _bn _2rdamedia |
||
| 338 |
_aمجلد _bnc _2rdacarrier |
||
| 650 | 7 |
_aالقانون _zاليمن _2aucsh |
|
| 942 |
_2ddc _cBOOK _n0 |
||
| 949 |
_aSA-JeALM _d250119 _uosman123 _n1 |
||
| 999 |
_c5021 _d5021 |
||